00378nam a22001097a 4500008004100000050001300041245009700054260005600151300001900207700002200226700002000248160909b xxu||||| |||| 00| 0 eng d a212/2008 aA Website Application for Wisconsin Int. Univ. College cMensah Michael A. and Gifty Tanson aAccra.:bWisconsin International University,c2008. aVarious pgs .: aMensah Michael A. a Tanson, Gifty